000
00298nam a2200133Ia 4500
100
_a
Crabb Don
942
_c
BK
654
_a
Running Unix
245
_a
Running Unix : So it doesnt run you
260
_b
Ziff.Davis
_a
California
_c
1993
082
_a
005.13 'U'
546
_a
ENGLISH
999
_c
26944
_d
26944